000 00258nam a2200097Ia 4500
001 815889
005 20250826171705.0
008 250824s9999 xx 000 0 und d
245 0 _aKRALİÇE VE ÖNEMSİZ ÇOCUK
_cBARBARA ELSE
260 _bKIRMIZI KEDİ YAYINLARI
999 _c815889
_d815889